Statistiques concernant Maisons Poudlard Harry Potter

Cliquez ici pour prendre le quiz!

Statistiques générales

  • Ce quiz a été pris 181 fois
  • Le résultat moyen est 21 sur 24

Statistiques - réponses

HintRéponse% Correct
Couleur maison n°1Or
99%
Couleur maison n°1Rouge
99%
Animal maison n°2Serpent
98%
Nom maison n°2Serpentard
98%
Couleur maison n°2Vert
98%
Nom maison n° 1Gryffondor
97%
Couleur maison n°4Jaune
97%
Nom maison n°3Serdaigle
97%
Animal maison n°3Aigle
96%
Couleur maison n°3Bleu
96%
Animal maison n°1Lion
95%
Nom maison n°4Poufsouffle
95%
Couleur maison n°4Noir
93%
Couleur maison n°2Argent
90%
Fondateur maison n°1Godric Gryffondor
90%
Fondateur maison n°2Salazar Serpentard
89%
Animal maison n°4Blaireau
87%
Adjectif maison n°1Courage
86%
Fondateur maison n°4Helga Poufsouffle
85%
Fondateur maison n°3Rowena Serdaigle
84%
Couleur maison n°3Bronze
80%
Adjectif maison n°2Ruse
72%
Adjectif maison n°4Loyauté
42%
Adjectif maison n°3Sagesse
40%

Distribution des résultats

Percentile par nombre de réponses

% des personnes avec chaque résultat

Votre développement - résultats

Vous n’avez pas pris ce quiz